000 00343 a2200145 4500
001 157033
040 _cEscola São Tomás de Aquino
100 _aCARTELLE
240 1 0 _aA história de Aur e Nia
_lpor
245 1 0 _aA história de Aur e Nia
300 _a39
362 0 _a2012
697 _aFolclore / Adivinhações / Lendas
942 _cBK
999 _c157033
_d157033